000 00464nam a2200157Ia 4500
003 GCL
008 140319s9999 xx 000 0 ara d
040 _aGCL /
_cGCL
082 0 4 _aط
_b811.0099282
_bا ح
100 1 _aايهاب عبدالسلام
245 1 0 _aحكايه الشاعر الصغير /
_cايهاب عبدالسلام
490 _aاطفالنا
_v0
650 0 4 _aالشعر - مجموعات
650 0 4 _aشعر الاطفال
942 _2ddc
_cBK
999 _c38952
_d38952